000 00200nam a2200085 4500
001 1258498
005 20260311135304.0
245 _aKÖPEK ADAM KOCA JIM BAŞLIYOR
_cDAV PİLKEY
260 _bALTIN KİTAPLAR
999 _c1258498
_d1258498